Countries that Qantas flies to - Statistics

General Stats
  • This quiz has been taken 51 times
  • The average score is 20 of 23
Answer Stats
Answer % Correct
New Zealand
100%
United Kingdom
100%
United States
100%
China
97%
Japan
97%
Australia
95%
Canada
95%
France
92%
Indonesia
92%
Singapore
92%
Fiji
89%
India
89%
Thailand
89%
Philippines
84%
South Africa
84%
South Korea
84%
Tonga
81%
Chile
76%
Italy
76%
Papua New Guinea
76%
Solomon Islands
73%
Samoa
70%
East Timor
54%
No matching quizzes found
Score Distribution
Percent of People with Each Score
Percentile by Number Answered
Your Score History
You have not taken this quiz